[Event "ch-BEL"]
[Site "Eupen"]
[Date "2003.07.06"]
[Round "2"]
[White "Ahn, Martin"]
[Black "Saiboulatov, Danial"]
[Result "0-1"]
[WhiteElo "2304"]
[BlackElo "2366"]
[PlyCount "57"]
[EventDate "2003.07.05"]
[Source "Roberto Alvarez"]
[SourceDate "2003.07.14"]

1. e4 e6 2. Nc3 d5 3. Nf3 Nf6 4. e5 Ne4 5. Ne2 f6 6. d3 Ng5 7. Nxg5 fxg5 8. h4 gxh4 9. Nf4 g6 10. d4 c5 11. c4 Nc6 12. cxd5 Nxd4 13. dxe6 Bg7 14. Qa4+ Kf8 15. Bc4 Bxe5 16. O-O Kg7 17. Re1 Qd6 18. Nd3 Bh2+ 19. Kh1 b5 20. Bxb5 Bb7 21. Re3 Bf4 22. Nxf4 Qxf4 23. Rf3 Qe4 24. Rf7+ Kg8 25. Rxb7 Qxb7 26. Qc4 Qb6 27. Qd5 Qb7 28. Qc4 Qe7 29. Qd5 0-1

[Event "Gyongyos op"]
[Site "?"]
[Date "1996.??.??"]
[Round "?"]
[White "Orev Petar"]
[Black "Sergienko Sergey"]
[Result "1-0"]
[WhiteElo "2245"]
[BlackElo "2425"]
[PlyCount "120"]
[EventDate "1996.??.??"]
[Source "www.chesslib.no"]
[SourceDate "2004.05.04"]

1. e4 e6 2. Nc3 d5 3. Nf3 Nf6 4. d3 c5 5. Bg5 d4 6. Ne2 Be7 7. c3 dxc3 8. bxc3 O-O 9. Qc2 Nc6 10. Ng3 h6 11. Bf4 Bd6 12. Bxd6 Qxd6 13. Be2 e5 14. O-O g6 15. Rfd1 Bg4 16. Nd2 Be6 17. Ngf1 Rfc8 18. a4 Na5 19. Ne3 Rd8 20. Ndc4 Bxc4 21. dxc4 Qe6 22. Nd5 Rac8 23. Rd2 Ne8 24. Rad1 h5 25. Qd3 b6 26. Qg3 Kh7 27. f4 exf4 28. Qxf4 Nc6 29. g4 f6 30. gxh5 g5 31. Bg4 Qxd5 32. cxd5 gxf4 33. Bxc8 Ne5 34. Bf5+ Kh6 35. Kf2 Nd6 36. Rg1 c4 37. Rgd1 Re8 38. Bg6 Re7 39. Kf1 Nf3 40. Rg2 Ne5 41. Kg1 Nd3 42. Rf1 Re5 43. Rg4 Re7 44. Kg2 Nxe4 45. Bxe4 Rxe4 46. Rg6+ Kxh5 47. Rxf6 Re2+ 48. Kg1 Kg5 49. Re6 Ne5 50. Rf2 Re1+ 51. Kg2 f3+ 52. Rxf3 Nxf3 53. Kxf3 Rc1 54. Ke4 Rxc3 55. h4+ Kxh4 56. Re7 Rc1 57. Rxa7 c3 58. Rb7 Ra1 59. Rc7 Rxa4+ 60. Ke5 Ra1 1-0

[Event "BL2-Ost 0001"]
[Site "Germany"]
[Date "2001.04.01"]
[Round "8.4"]
[White "Bartsch, Berthold"]
[Black "Cech, Pavel"]
[Result "1/2-1/2"]
[WhiteElo "2337"]
[BlackElo "2330"]
[PlyCount "44"]
[EventDate "2000.10.15"]
[Source "ChessBase"]
[SourceDate "2001.07.03"]

1. e4 e6 2. Nc3 d5 3. g3 Nf6 4. Bg2 dxe4 5. Nxe4 Nxe4 6. Bxe4 e5 7. c3 Nd7 8. d4 Be7 9. dxe5 Nxe5 10. Qxd8+ Bxd8 11. Bf4 Ng6 12. Be3 O-O 13. O-O-O c6 14. Ne2 Re8 15. Bg2 Ne5 16. Rhe1 Bf5 17. Nf4 Bg5 18. Bh3 Be4 19. Ng2 Bf6 20. Nf4 Bg5 21. Ng2 Bf6 22. Nf4 Bg5 1/2-1/2

[Event "Bibinje CRO"]
[Site "?"]
[Date "2006.06.15"]
[Round "8"]
[White "Mestrovic Zvonimir"]
[Black "Martinovic Sasa"]
[Result "1/2-1/2"]
[WhiteElo "2315"]
[BlackElo "2350"]
[PlyCount "50"]
[EventDate "2006.??.??"]
[Source "www.chesslib.no"]
[SourceDate "2004.05.04"]

1. e4 e6 2. Nc3 d5 3. Nf3 d4 4. Ne2 c5 5. c3 Nc6 6. cxd4 Nf6 7. dxc5 Bxc5 8. Nc3 e5 9. Be2 Bg4 10. O-O Qd7 11. d3 Rd8 12. Be3 Bxf3 13. gxf3 Nd4 14. Rc1 O-O 15. Nd5 Nxd5 16. Rxc5 Nf4 17. Bxf4 exf4 18. Qd2 Qh3 19. Bd1 h6 20. Qxf4 Ne6 21. Qf5 Qh4 22. Rd5 Nf4 23. Rxd8 Rxd8 24. Bb3 Kh8 25. Kh1 Nxd3 1/2-1/2

[Event "Decin Open"]
[Site "Decin CZE"]
[Date "1995.??.??"]
[Round "5"]
[White "Muron, Miroslav"]
[Black "Krivoshey, Sergei"]
[Result "0-1"]
[WhiteElo "2245"]
[BlackElo "2420"]
[PlyCount "46"]
[EventDate "1995.??.??"]
[Source "www.chesslib.no"]
[SourceDate "2004.05.04"]

1. e4 e6 2. Nc3 d5 3. g3 d4 4. Nce2 e5 5. d3 f5 6. Bg2 Nf6 7. exf5 Nc6 8. Nf3 Bxf5 9. O-O Qd7 10. b4 Bxb4 11. Rb1 Nd5 12. a3 Bc5 13. Rxb7 Bb6 14. c4 dxc3 15. Qa4 Bxd3 16. Bh3 Qxh3 17. Qxc6+ Qd7 18. Rxb6 Qxc6 19. Rxc6 Bxe2 20. Nxe5 Bxf1 21. Kxf1 O-O 22. Rc5 Rfd8 23. Nc6 Rd6 0-1

[Event "Baden-Baden Open"]
[Site "Baden-Baden GER"]
[Date "1993.??.??"]
[Round "4"]
[White "Schlindwein, Rolf"]
[Black "Kakabadze, Revaz"]
[Result "1/2-1/2"]
[WhiteElo "2345"]
[BlackElo "2315"]
[PlyCount "150"]
[EventDate "1993.08.??"]
[Source "www.chesslib.no"]
[SourceDate "2004.05.04"]

1. e4 e6 2. Nc3 d5 3. f4 dxe4 4. Nxe4 Nf6 5. Nf2 Bc5 6. Nf3 Nc6 7. Bb5 Bxf2+ 8. Kxf2 Ng4+ 9. Kg1 Ne3 10. Qe2 Nxc2 11. Bxc6+ bxc6 12. Rb1 Nd4 13. Nxd4 Qxd4+ 14. Qe3 Qc4 15. Ra1 O-O 16. Kf2 Rd8 17. b3 Qc2 18. Qc3 Qe4 19. Qe3 Qd5 20. Rd1 Ba6 21. Bb2 Qb5 22. Rac1 Rd5 23. Kg1 Qb6 24. Qxb6 axb6 25. Rxc6 Be2 26. Rdc1 Rxd2 27. Rxc7 h6 28. R7c2 Rxc2 29. Rxc2 Bd1 30. Rf2 Rxa2 31. Bd4 Ra6 32. Rd2 Bxb3 33. Rb2 Ra1+ 34. Kf2 Ra4 35. Bxg7 Kxg7 36. Rxb3 Rxf4+ 37. Kg3 Rf1 38. Rxb6 Kf6 39. Rb4 Rf5 40. Kg4 h5+ 41. Kh4 Rg5 42. g3 Kg6 43. Rb8 Rg4+ 44. Kh3 Rd4 45. Rg8+ Kh7 46. Rg5 Rd5 47. Kh4 Kh6 48. Rg8 Rd4+ 49. Kh3 Rd2 50. Rh8+ Kg6 51. Rg8+ Kh7 52. Rg5 Kh6 53. Rg8 Re2 54. Rh8+ Kg6 55. Rg8+ Kh7 56. Rg5 Kh6 57. Rg8 f6 58. Re8 e5 59. Rh8+ Kg5 60. Rg8+ Kf5 61. Rh8 Kg6 62. Rg8+ Kh7 63. Re8 Rf2 64. Re7+ Kg6 65. Re8 Re2 66. Rg8+ Kh7 67. Re8 f5 68. Kh4 Kg6 69. Kh3 Kg7 70. Re6 e4 71. Ra6 Rf2 72. Kh4 e3 73. Re6 e2 74. Kg5 Kf7 75. Re3 Rxh2 1/2-1/2

[Event "Oberliga Wuert 9798"]
[Site "?"]
[Date "1998.03.01"]
[Round "8"]
[White "Frick Christoph"]
[Black "Jurek Josef"]
[Result "0-1"]
[WhiteElo "2265"]
[BlackElo "2395"]
[PlyCount "102"]
[EventDate "1998.??.??"]
[Source "www.chesslib.no"]
[SourceDate "2004.05.04"]

1. e4 e6 2. Nc3 d5 3. g3 Nf6 4. e5 Nfd7 5. f4 c5 6. Bg2 Nc6 7. Nh3 a6 8. O-O Be7 9. d3 b5 10. Bd2 b4 11. Ne2 Qc7 12. g4 a5 13. Ng3 a4 14. Kh1 a3 15. b3 Bb7 16. Rc1 O-O-O 17. c3 bxc3 18. Bxc3 Kb8 19. Rc2 Qb6 20. Qe2 h5 21. gxh5 g6 22. Ng5 gxh5 23. Nxf7 h4 24. Nh5 h3 25. Bxh3 d4 26. Nxh8 Rxh8 27. Bg2 dxc3 28. Qg4 Nd4 29. Qg7 Rxh5 30. Qxe7 Nxc2 31. Qxd7 Bxg2+ 32. Kxg2 Qb7+ 33. Qxb7+ Kxb7 34. Rc1 Ne3+ 35. Kg3 Nd5 36. h4 Kc6 37. Kg4 Rh8 38. h5 Kd7 39. Kg5 Ke7 40. h6 Kf7 41. Rf1 Ne3 42. Rc1 Rg8+ 43. Kh4 c2 44. h7 Rg2 45. f5 Rh2+ 46. Kg5 exf5 47. Kf4 Nd5+ 48. Kxf5 Rxh7 49. d4 cxd4 50. Ke4 Nb4 51. Kxd4 Ke6 0-1

[Event "Wch U20"]
[Site "Santiago CHI"]
[Date "1990.??.??"]
[Round "12"]
[White "Mitkov, Nikola"]
[Black "Rodriguez, Andres"]
[Result "0-1"]
[WhiteElo "2330"]
[BlackElo "2330"]
[PlyCount "74"]
[EventDate "1990.08.??"]
[Source "www.chesslib.no"]
[SourceDate "2004.05.04"]

1. e4 e6 2. Nc3 d5 3. f4 dxe4 4. Nxe4 Nf6 5. Ng3 c5 6. Nf3 Nc6 7. Bb5 Bd7 8. Qe2 Bd6 9. Bxc6 Bxc6 10. Ne5 Qc7 11. O-O O-O 12. b3 Be8 13. Bb2 Nd7 14. Nd3 c4 15. bxc4 Qxc4 16. Ne4 Be7 17. Rf3 f6 18. Ng3 Nc5 19. Nf5 exf5 20. Qxe7 Ne4 21. Qxb7 Bb5 22. Nf2 Rfb8 23. Qe7 Qxc2 24. Qe6+ Kh8 25. Qb3 Qxd2 26. Nxe4 fxe4 27. Rg3 Bc6 28. Bc3 Qd8 29. Qf7 Qb6+ 30. Kf1 Bb5+ 31. Ke1 Qg1+ 32. Kd2 Rd8+ 33. Kc2 Ba4+ 34. Kb2 Rab8+ 35. Ka3 Qc5+ 36. Kxa4 Qb5+ 37. Ka3 Qa6+ 0-1

[Event "CZE Team Ch"]
[Site "Czech Republic"]
[Date "1994.??.??"]
[Round "?"]
[White "Vavra, Pavel"]
[Black "Kubicek, Antonin"]
[Result "1-0"]
[WhiteElo "2365"]
[BlackElo "2295"]
[PlyCount "61"]
[EventDate "1994.??.??"]
[Source "www.chesslib.no"]
[SourceDate "2004.05.04"]

1. e4 e6 2. Nc3 d5 3. g3 dxe4 4. Nxe4 Bd7 5. Nf3 Bc6 6. Qe2 Nf6 7. Nxf6+ Qxf6 8. Bg2 Nd7 9. O-O Qg6 10. d4 Be7 11. c4 Bxf3 12. Bxf3 O-O-O 13. c5 Nb8 14. Bf4 Bg5 15. Bh5 Qf6 16. Bxg5 Qxg5 17. Bxf7 Nc6 18. Qxe6+ Kb8 19. f4 Qe7 20. Qxe7 Nxe7 21. Rfe1 Nf5 22. d5 Rhf8 23. Be6 g5 24. Rad1 gxf4 25. gxf4 Nh4 26. Re4 Rf6 27. Rd3 Rdf8 28. d6 Rg6+ 29. Kf1 Rg7 30. d7 Rd8 31. f5 1-0

[Event "ch-POL Boys U16, Zakopane POL"]
[Site "?"]
[Date "2001.??.??"]
[Round "8"]
[White "Krysztofiak, M."]
[Black "Heberla, B."]
[Result "1/2-1/2"]
[WhiteElo "2295"]
[BlackElo "2360"]
[PlyCount "36"]
[EventDate "2001.??.??"]
[Source "www.chesslib.no"]
[SourceDate "2004.05.04"]

1. e4 e6 2. Nc3 d5 3. Nf3 Nf6 4. e5 Ne4 5. Ne2 Bc5 6. d4 Be7 7. Ng3 c5 8. Bd3 Qa5+ 9. c3 cxd4 10. Nxd4 Nd7 11. Nxe4 dxe4 12. Bxe4 Qxe5 13. Qe2 Nc5 14. Bc2 Qxe2+ 15. Kxe2 b6 16. Nb5 Ba6 17. a4 O-O 18. Be3 Bb7 1/2-1/2

[Event "Ch Asturias (juniors)"]
[Site "Asturias ESP"]
[Date "1991.??.??"]
[Round "1"]
[White "Rodriguez, Ruben"]
[Black "Trincardi, Tullio"]
[Result "0-1"]
[WhiteElo "2420"]
[BlackElo "2235"]
[PlyCount "46"]
[EventDate "1991.??.??"]
[Source "www.chesslib.no"]
[SourceDate "2004.05.04"]

1. e4 e6 2. Nc3 d5 3. Bd3 c5 4. b3 d4 5. Na4 a6 6. Bc4 b5 7. Nb2 bxc4 8. Nxc4 Bb7 9. d3 Nf6 10. Qe2 Be7 11. Bf4 O-O 12. Nh3 Nc6 13. O-O Ne8 14. a3 Nd6 15. Nb2 e5 16. Bd2 f5 17. Qh5 fxe4 18. Ng5 Bxg5 19. Bxg5 Qe8 20. Qe2 exd3 21. Nxd3 Qg6 22. Bh4 Nb4 23. axb4 Qxg2# 0-1

[Event "Open"]
[Site "?"]
[Date "2004.10.07"]
[Round "7"]
[White "Kamber Bruno"]
[Black "Jurek Josef"]
[Result "1/2-1/2"]
[WhiteElo "2284"]
[BlackElo "2367"]
[PlyCount "48"]
[EventDate "2004.??.??"]
[Source "www.chesslib.no"]
[SourceDate "2004.05.04"]

1. e4 e6 2. Nc3 d5 3. g3 Nf6 4. Bg2 c5 5. e5 Nfd7 6. f4 Nc6 7. Nf3 Be7 8. O-O a6 9. Ne2 b5 10. d3 f6 11. exf6 Nxf6 12. a4 b4 13. c4 Ra7 14. Ne5 Bb7 15. h3 O-O 16. Be3 Qc7 17. Nxc6 Bxc6 18. Qc2 d4 19. Bxc6 Qxc6 20. Bd2 Bd6 21. g4 Re7 22. Ng3 e5 23. Rae1 Ree8 24. f5 h6 1/2-1/2

[Event "Forli Open"]
[Site "Forli"]
[Date "1989.??.??"]
[Round "7"]
[White "Bartsch, Berthold"]
[Black "Polaczek, Richard"]
[Result "0-1"]
[WhiteElo "2275"]
[BlackElo "2375"]
[PlyCount "54"]
[EventDate "1989.06.??"]
[Source "www.chesslib.no"]
[SourceDate "2004.05.04"]

1. e4 e6 2. Nc3 d5 3. g3 Nf6 4. Bg2 Nc6 5. exd5 exd5 6. d4 Bb4 7. Nge2 h6 8. O-O O-O 9. a3 Ba5 10. h3 Ne7 11. g4 Nh7 12. f4 f5 13. Ng3 Nf6 14. g5 hxg5 15. fxg5 Ne4 16. Ncxe4 dxe4 17. Nh5 Bb6 18. c3 c5 19. Nf4 cxd4 20. Qh5 d3+ 21. Kh1 Bc7 22. Be3 Bxf4 23. Rxf4 Qe8 24. Qxe8 Rxe8 25. Bd4 Ng6 26. Rff1 f4 27. Rfe1 Bf5 0-1

[Event "Bundesliga 8182"]
[Site "Germany"]
[Date "1982.??.??"]
[Round "?"]
[White "Dankert, Peter"]
[Black "Maier, Christian"]
[Result "1-0"]
[WhiteElo "2380"]
[BlackElo "2265"]
[PlyCount "143"]
[EventDate "1981.10.??"]
[Source "ChessBase"]
[SourceDate "1999.07.01"]

1. e4 e6 2. Nc3 d5 3. Nf3 Nf6 4. e5 Nfd7 5. d4 b6 6. Ne2 Ba6 7. g3 c5 8. c3 cxd4 9. cxd4 Bb4+ 10. Bd2 Qe7 11. Rc1 O-O 12. Bg2 f6 13. exf6 Nxf6 14. O-O Bxd2 15. Qxd2 Nbd7 16. Rfe1 Ne4 17. Qe3 Qb4 18. Nc3 Ndf6 19. Nxe4 Nxe4 20. Rc2 Rac8 21. Rec1 Rxc2 22. Rxc2 Rc8 23. Rxc8+ Bxc8 24. Ne5 Bb7 25. f3 Qd2 26. Qxd2 Nxd2 27. Bf1 Nc4 28. Nxc4 dxc4 29. Bxc4 Bxf3 30. Bxe6+ Kf8 31. Kf2 Bb7 32. Ke3 Ke7 33. Bf5 h6 34. Be4 Bc8 35. Kf4 Kf6 36. Bf3 g5+ 37. Ke4 Bb7+ 38. d5 Ba6 39. Bg4 Bc4 40. b3 Ba6 41. Kd4 Bb7 42. Be2 Bc8 43. Bb5 Bh3 44. d6 Bg4 45. d7 Ke7 46. Ke5 Bd1 47. b4 Bg4 48. d8=Q+ Kxd8 49. Kf6 Bf3 50. Kg6 Ke7 51. Kxh6 Kf6 52. Bd7 Be2 53. a3 b5 54. Bc8 Bf3 55. Bd7 Be2 56. g4 Bd3 57. Be8 Be2 58. Kh5 Bd3 59. h4 gxh4 60. Kxh4 Ke5 61. g5 Kd4 62. Kg4 Kc3 63. Kf4 Kb2 64. Ke3 Bb1 65. Kd4 Kxa3 66. Kc5 a6 67. g6 Ka4 68. g7 Ba2 69. Bc6 Bg8 70. Bd5 Bh7 71. g8=Q Bxg8 72. Bxg8 1-0